000 00394nam a2200133 i 4500
001 bg
100 1 _aADAMCZEWSKA-WEJCHERT, Hanna
245 0 _aKształtowanie zespołów mieszkaniowych :
_bwybrane współcześnie tendencje europejskie /
_cHanna Adamczewska-Wejchert.
260 _aWarszawa,
_c1985.
040 _cBPK
041 _apol
942 _cKS
008 s pl f |000 0 pol
999 _c1207
_d1207
856 _uhttp://koha.tu.koszalin.pl/cgi-bin/koha/opac-detail.pl?biblionumber=1207
_yKatalog online BPK